Biogeography and ecology in South America /

Guardado en:
Otros Autores: Fittkau, E. J., (ed.)
Formato: Libro
Idioma:English
German
Spanish
Portuguese
Publicado: The Hague : W. Junk, 1968-
Series:Monographiæ biologicæ ; v. 18-
Materias:
Etiquetas: Agregar Etiqueta
Sin Etiquetas, Sea el primero en etiquetar este registro!
LEADER 00744cam a2200205 a 4500
001 EEA.libagro010038
005 20190610111002.0
008 690625m19689999ne#a#####b####000#0#eng##
041 0 |a eng  |a ger  |a spa  |a por 
082 0 0 |a 574.98 
245 0 0 |a Biogeography and ecology in South America /  |c edited by E. J. Fittkau ... [et al.]. 
260 |a The Hague :  |b W. Junk,  |c 1968- 
300 |a v. :  |b il. ;  |c 25 cm. 
440 0 |a Monographiæ biologicæ ;  |v v. 18- 
500 |a La biblioteca posee: vol. 1. 
504 |a Incluye referencias bibliográficas. 
650 0 |a Biogeografía  |z América del Sur  |2 agrovoc 
650 0 |a Historia natural  |z América del Sur  |2 agrovoc 
700 1 |a Fittkau, E. J.,  |e ed. 
859 |a AR-BbBCA  |b BIB. AGRONOMIA  |h 574.98  |i F547  |p 1984/0110